[Event "AUTO-OPEN-4331"]
[Site "http://www.queenalice.com/game.php?id=1777549"]
[Date "2021.12.18"]
[Round "1"]
[White "AleLima"]
[Black "CCapivara"]
[Result "0-1"]
[WhiteElo "1742"]
[BlackElo "2341"]

1. e4 d6 2. d4 Nf6 3. Bd3 e5 4. Nf3 Bg4 5. Nc3 Nbd7 6. Bg5 exd4 7. Nd5 Be7 8.
Qd2 Nxd5 9. exd5 Bxg5 10. Qxg5 Bxf3 11. Qxd8+ Rxd8 12. gxf3 O-O 13. O-O-O Rfe8
14. Rhe1 Kf8 15. Bxh7 g6 16. Re4 Rxe4 17. fxe4 Kg7 18. Rxd4 Kxh7 19. b4 Ne5 20.
h3 g5 21. Kd1 Kg6 22. Ke2 f5 23. f3 Rh8 24. c4 Rxh3 25. c5 Rxf3 26. exf5+ Kxf5
27. c6 bxc6 28. dxc6 Ra3 29. Kd1 Rxa2 30. b5 g4 31. Rxd6 Nc4 32. Rd5+ Ke4 33.
Rg5 Kf4 34. Rg7 g3 35. Rxc7 g2 36. Rg7 g1=Q+ 37. Rxg1 Ra1+ 38. Kc2 Rxg1 0-1

[Event "AUTO-OPEN-4331"]
[Site "http://www.queenalice.com/game.php?id=1777550"]
[Date "2021.12.18"]
[Round "1"]
[White "CCapivara"]
[Black "AleLima"]
[Result "1-0"]
[WhiteElo "2329"]
[BlackElo "1735"]

1. e4 e5 2. Nf3 Nc6 3. Bc4 Bc5 4. b4 Bxb4 5. c3 Ba5 6. d4 Qe7 7. O-O exd4 8. Bg5
f6 9. Bh4 d6 10. cxd4 Bg4 11. Qb3 O-O-O 12. Nbd2 g5 13. Bg3 Bxf3 14. Nxf3 Qxe4
15. Bd5 Qe7 16. Qa4 Bb6 17. Bxc6 bxc6 18. Qxc6 Nh6 19. a4 a5 20. Rab1 Kb8 21.
Rb5 Qd7 22. Rxb6+ cxb6 23. Qxb6+ Qb7 24. Bxd6+ Rxd6 25. Qxd6+ Qc7 26. Rb1+ Kc8
27. Qe6+ Qd7 28. Rc1+ Kd8 29. Qxf6+ 1-0

[Event "AUTO-OPEN-4331"]
[Site "http://www.queenalice.com/game.php?id=1777551"]
[Date "2021.12.18"]
[Round "1"]
[White "AleLima"]
[Black "chessman"]
[Result "0-1"]
[WhiteElo "1763"]
[BlackElo "1956"]

1. e4 e6 2. d4 d5 3. Nc3 dxe4 4. Nxe4 Nd7 5. Nf3 Ngf6 6. Bd3 Nxe4 7. Bxe4 Nf6 8.
Bg5 Be7 9. Bd3 O-O 10. O-O b6 11. Qd2 Bb7 12. Qf4 Bxf3 13. Qxf3 Rb8 14. Rad1 Qd5
15. Qxd5 Nxd5 16. Bxe7 Nxe7 17. Rfe1 Ng6 18. Bb5 Rfd8 19. g3 Ne7 20. c4 c6 21.
Ba4 b5 22. cxb5 cxb5 23. Bb3 Nd5 24. a3 Rbc8 25. Rc1 a6 26. Kg2 Kf8 27. Kf3 Nf6
28. Rc5 Ke7 29. Rec1 Rxc5 30. dxc5 Rd3+ 31. Kf4 Rxb3 32. c6 Kd8 33. c7+ Kc8 34.
Ke5 Rxb2 35. Kd6 Nd5 36. Rc6 Nf6 37. Ke7 Nd5+ 38. Kxf7 Rxf2+ 39. Kxg7 Rxh2 40.
Rxa6 Nxc7 41. Rc6 Kd7 42. Rc3 Nd5 43. Rb3 Kc6 44. Kf7 Re2 45. Kg7 e5 46. Kxh7
Re3 47. Rxe3 Nxe3 48. Kg6 Kd5 49. Kf6 e4 50. Kg5 Kd4 51. Kf4 Kd3 52. Ke5 Ng4+
53. Kf4 Nh2 54. g4 Nxg4 55. Kxg4 e3 0-1

[Event "AUTO-OPEN-4331"]
[Site "http://www.queenalice.com/game.php?id=1777552"]
[Date "2021.12.18"]
[Round "1"]
[White "chessman"]
[Black "AleLima"]
[Result "1-0"]
[WhiteElo "1906"]
[BlackElo "1767"]

1. e4 e5 2. Nf3 Nc6 3. Bb5 Bd6 4. c3 Nf6 5. Qe2 Qe7 6. O-O b6 7. Re1 Bb7 8. d4
a6 9. Bxc6 Bxc6 10. d5 Bb7 11. a3 c6 12. c4 O-O 13. Nc3 b5 14. b3 Bc7 15. Bg5
Qd6 16. Red1 b4 17. axb4 Qxb4 18. Bxf6 Qxc3 19. Be7 Rfe8 20. d6 Bd8 21. Bxd8
Raxd8 22. Rac1 Qxb3 23. Rb1 Qa4 24. Rxb7 h6 25. Qd3 Re6 26. c5 f5 27. Qb3 Qxb3
28. Rxb3 fxe4 29. Ne1 Rf6 30. Ra1 Rdf8 31. Rb2 e3 32. f3 e4 33. Rxa6 Re8 34. Ra7
exf3 35. Nxf3 Rf5 36. Re2 Rxc5 37. Rxd7 Rd5 38. h3 c5 39. Rc7 Rxd6 40. Rxc5 g5
41. Nxg5 Rd2 42. Kf1 Rf8+ 43. Nf3 Rd1+ 44. Re1 Rfd8 45. Re5 R8d3 46. Rxe3 Rxe3
47. Rxd1 Kg7 48. Nh4 Re5 49. g4 h5 50. Nf5+ Kg6 51. Rd4 hxg4 52. hxg4 Kg5 53.
Kg2 Re2+ 54. Kf3 Re1 55. Ng3 Re5 56. Ne4+ Kh4 57. Rd8 Rxe4 58. Kxe4 Kxg4 59.
Rg8+ 1-0

[Event "Challenge"]
[Site "http://www.queenalice.com/game.php?id=1779214"]
[Date "2022.1.4"]
[Round "-"]
[White "AleLima"]
[Black "Mr_SPOCK"]
[Result "1-0"]
[WhiteElo "1755"]
[BlackElo "1656"]

1. e4 e5 2. Nf3 Nc6 3. Bc4 Nf6 4. O-O d5 5. exd5 e4 6. dxc6 exf3 7. Qxf3 b6 8.
d3 Bg4 9. Re1+ Be7 10. Qf4 O-O 11. Nc3 Bd6 12. Qd2 Nh5 13. Ne4 Bf4 14. Qc3 Qh4
15. g3 Bxg3 16. Nxg3 Bf3 17. d4 Qg4 18. Re3 Nf4 19. Rxf3 Nh3+ 20. Kf1 Rae8 21.
Be3 Qxf3 22. d5 Kh8 23. Be2 Qxd5 24. Rd1 Qxa2 25. Kg2 Qe6 26. Rd4 a5 27. Rh4 f5
28. Bd3 Nxf2 29. Bxf2 Qd5+ 30. Kh3 Kg8 31. Bc4 Rd8 32. Bxd5+ Rxd5 33. Bxb6 cxb6
34. Qc4 h6 35. Qxd5+ Kh7 36. Nxf5 a4 37. Qd7 Rxf5 38. Qxf5+ Kg8 39. c7 g6 40.
Qxg6+ Kf8 41. c8=Q+ Ke7 42. Qc7+ Kf8 43. Qd8# 1-0

[Event "AUTO-OPEN-4340"]
[Site "http://www.queenalice.com/game.php?id=1780217"]
[Date "2022.1.13"]
[Round "1"]
[White "raulzampronha"]
[Black "AleLima"]
[Result "1-0"]
[WhiteElo "2034"]
[BlackElo "1770"]

1. d4 d5 2. c4 Nf6 3. cxd5 Bf5 4. Qa4+ Nbd7 5. Nc3 e6 6. dxe6 Bxe6 7. e4 Be7 8.
d5 Bg4 9. e5 Nh5 10. Qxg4 g6 11. Nf3 f6 12. e6 Nb6 13. Bb5+ Kf8 14. Bh6+ Ng7 15.
O-O Nxd5 16. Rad1 c6 17. Bc4 f5 18. Qd4 Rg8 19. Bxd5 Bf6 20. Qd2 cxd5 21. Nxd5
Ke8 22. Nxf6+ Qxf6 23. Qd7+ Kf8 24. Rfe1 Qe7 25. Bg5 Qe8 26. Qd6+ Qe7 27. Qxe7#
1-0

[Event "AUTO-OPEN-4340"]
[Site "http://www.queenalice.com/game.php?id=1780218"]
[Date "2022.1.13"]
[Round "1"]
[White "AleLima"]
[Black "raulzampronha"]
[Result "0-1"]
[WhiteElo "1765"]
[BlackElo "1242"]

1. e4 c5 2. Nc3 Nc6 3. Nf3 e6 4. d4 cxd4 5. Nxd4 Qc7 6. Bc4 Nf6 7. O-O Nxd4 8.
Qxd4 Bc5 9. Qd2 Ng4 10. b3 Qxh2# 0-1

[Event "AUTO-OPEN-4340"]
[Site "http://www.queenalice.com/game.php?id=1780235"]
[Date "2022.1.13"]
[Round "1"]
[White "AleLima"]
[Black "clovis"]
[Result "0-1"]
[WhiteElo "1765"]
[BlackElo "2150"]

1. e4 e5 2. Nf3 Nc6 3. Bb5 f5 4. d3 fxe4 5. dxe4 Nf6 6. Nbd2 Bc5 7. O-O d6 8.
Nb3 O-O 9. Bg5 Qe8 10. Nxc5 dxc5 11. Bxf6 Rxf6 12. Qd5+ Be6 13. Qxc5 Rxf3 14.
gxf3 Bh3 15. Kh1 Bxf1 16. Rxf1 Qh5 17. Bxc6 Qxf3+ 18. Kg1 bxc6 19. Qxe5 Rf8 20.
h3 h6 21. Kh2 Rf6 22. Qe8+ Kh7 23. Rg1 Qxf2+ 24. Rg2 Qf4+ 25. Rg3 Qh4 26. Qd7
Rf2+ 27. Rg2 Qf4+ 28. Kh1 Rf1+ 29. Rg1 Qxe4+ 30. Kh2 Rf2+ 31. Kg3 Qf4# 0-1

[Event "AUTO-OPEN-4340"]
[Site "http://www.queenalice.com/game.php?id=1780236"]
[Date "2022.1.13"]
[Round "1"]
[White "clovis"]
[Black "AleLima"]
[Result "0-1"]
[WhiteElo "2141"]
[BlackElo "1740"]

1. e4 e5 2. Bc4 Nf6 3. Nc3 Nc6 4. Nf3 Bc5 5. O-O d6 6. d3 O-O 7. Bg5 Bg4 8. Nd5
Kh8 9. h3 Be6 10. Nxf6 gxf6 11. Bh6 Rg8 12. Nh4 Bxh3 13. Kh2 Be6 14. Nf5 d5 15.
Bxd5 Bxd5 16. exd5 Qxd5 17. f4 Qxg2# 0-1

[Event "Challenge"]
[Site "http://www.queenalice.com/game.php?id=1782361"]
[Date "2022.2.7"]
[Round "-"]
[White "AleLima"]
[Black "RAFAELI"]
[Result "1/2-1/2"]
[WhiteElo "1827"]
[BlackElo "1742"]

1. e4 e5 2. Nf3 Nc6 3. Bb5 Qf6 4. Nc3 a6 5. Nd5 Qd8 6. Ba4 d6 7. d4 b5 8. Bb3
Bg4 9. h3 Bh5 10. Bg5 f6 11. g4 Bg6 12. Bh4 Bxe4 13. dxe5 dxe5 14. g5 Nd4 15.
Nxd4 exd4 16. Qxd4 Bxh1 17. gxf6 gxf6 18. Bxf6 Nxf6 19. Nxf6+ Qxf6 20. Qxf6 Kd7
21. Qxh8 Bb4+ 22. c3 Rxh8 23. O-O-O+ Ke7 24. Rxh1 Bc5 25. a4 bxa4 26. Bxa4 Bxf2
27. Rd1 c5 28. Rd7+ Ke6 29. Ra7 Kd5 30. Bb3+ c4 31. Rd7+ Kc6 32. Ba4+ Kb6 33.
Bd1 h5 34. Be2 Kc6 35. Rf7 Be3+ 36. Kb1 Kd5 37. Rf5+ Ke4 38. Rxh5 Rc8 39. Rh4+
Bf4 40. Ka2 Ke3 41. Ka3 Bd6+ 42. b4 Kxe2 43. Rh6 Rd8 44. h4 Kf3 45. Re6 Kf4 46.
Rg6 Kf5 47. h5 a5 48. Rxd6 axb4+ 49. Kxb4 Rxd6 50. Kxc4 Rh6 51. Kb5 Rxh5 52. c4
Ke6+ 53. c5 Kd7 54. Kb6 Rh6+ 55. Kb5 Rc6 56. Kc4 Ke6 57. Kd4 Rxc5 58. Kxc5 Kd7
1/2-1/2

[Event "Tchau seu BATATA!!!"]
[Site "http://www.queenalice.com/game.php?id=1785843"]
[Date "2022.3.29"]
[Round "-"]
[White "AleLima"]
[Black "zubarev"]
[Result "1-0"]
[WhiteElo "1773"]
[BlackElo "1752"]

1. e4 e5 2. Nf3 Nc6 3. Bb5 d6 4. d4 Bd7 5. dxe5 Nxe5 6. Nc3 Nxf3+ 7. Qxf3 Be7 8.
Be3 Nf6 9. O-O Bxb5 10. Nxb5 O-O 11. Rad1 Qd7 12. c4 a6 13. Nc3 Qg4 14. Qxg4
Nxg4 15. Bf4 f5 16. h3 Ne5 17. Nd5 Bd8 18. Bxe5 dxe5 19. exf5 c6 20. Ne3 Bf6 21.
Rd7 Rad8 22. Rxb7 Rd2 23. Rb6 e4 24. b3 Rxa2 25. Rxc6 Bd4 26. Nd5 h6 27. Rd6 Be5
28. Re6 Bf6 29. Rxe4 Rb2 30. b4 Rb3 31. Re3 Rb2 32. c5 Rc8 33. Ra1 Rd2 34. Nxf6+
gxf6 35. Rxa6 Kf7 36. Ree6 Rb2 37. Rab6 Rd8 38. Rb7+ Kg8 39. c6 Rc2 40. b5 Rc5
41. b6 Rc8 42. c7 Kf7 43. Rb8 R8xc7 44. bxc7 Rxc7 45. Rbb6 Rc5 46. Rb7+ Kf8 47.
Rxf6+ 1-0

[Event "Challenge"]
[Site "http://www.queenalice.com/game.php?id=1789815"]
[Date "2022.5.29"]
[Round "-"]
[White "edemarc"]
[Black "AleLima"]
[Result "0-1"]
[WhiteElo "1652"]
[BlackElo "1806"]

1. e4 e5 2. Nf3 Nc6 3. Bb5 Bc5 4. O-O f6 5. c3 a6 6. Bc4 Nge7 7. b4 Ba7 8. Ba3
d5 9. Bd3 Bg4 10. b5 dxe4 11. Bxe4 axb5 12. h3 Bh5 13. g4 Qd7 14. Nh4 Bg6 15.
Nxg6 hxg6 16. Qf3 f5 17. Bxc6 Nxc6 18. d3 O-O-O 19. Rd1 fxg4 20. hxg4 Rh4 21.
Kf1 Rdh8 22. Ke1 Qxg4 23. Nd2 Qg1+ 24. Ke2 Qg4 25. Rg1 Qh5 26. Rh1 Qxf3+ 27.
Nxf3 Rxh1 28. Ne1 R8h2 29. Kf3 Bxf2 30. Nc2 Rxa1 31. Nxa1 Be1 32. Nb3 Rxa2 33.
Bf8 Bxc3 34. Nc5 Bb4 35. Ke3 b6 36. Ne6 Bxf8 37. Nxf8 b4 0-1

[Event "Challenge"]
[Site "http://www.queenalice.com/game.php?id=1791416"]
[Date "2022.6.24"]
[Round "-"]
[White "AleLima"]
[Black "Mlintz"]
[Result "1-0"]
[WhiteElo "1788"]
[BlackElo "1849"]

1. e4 e5 2. Nf3 Qe7 3. Bc4 g6 4. c3 Bg7 5. O-O Nf6 6. d3 c6 7. Bg5 d6 8. Nbd2 a5
9. a4 O-O 10. d4 Nbd7 11. Qe2 Nb6 12. Bb3 h6 13. Be3 Ng4 14. dxe5 Nxe3 15. Qxe3
Nd7 16. exd6 Qxd6 17. Rfd1 Qe7 18. Ba2 b6 19. Nc4 b5 20. Nd6 bxa4 21. Nxc8 Rfxc8
22. Bc4 c5 23. Bb5 Nb6 24. Nd2 Kh7 25. Nc4 Nxc4 26. Bxc4 f6 27. Rxa4 h5 28. Bd5
Ra7 29. b4 axb4 30. Rxa7 Qxa7 31. cxb4 Bf8 32. b5 Rb8 33. h3 Rxb5 34. Bc6 Rb7
35. Bxb7 Qxb7 36. Rd8 Be7 37. Rd5 f5 38. exf5 Qxd5 39. Qxe7+ Kg8 40. Qe8+ Kg7
41. Qxg6+ Kf8 42. Qh6+ Kg8 43. f6 Qf7 44. Qg5+ Kh7 45. Qxc5 Kg6 46. Qe7 h4 47.
Qe4+ Kh5 48. Qg4+ 1-0

[Event "Atestado medico joelho"]
[Site "http://www.queenalice.com/game.php?id=1794560"]
[Date "2022.8.19"]
[Round "-"]
[White "zubarev"]
[Black "AleLima"]
[Result "0-1"]
[WhiteElo "1667"]
[BlackElo "1824"]

1. d4 g6 2. Nc3 Nf6 3. e4 d6 4. Bg5 c6 5. Qd2 Be6 6. Nf3 d5 7. Bd3 Qb6 8. Rb1 h6
9. Bxf6 exf6 10. O-O Bg4 11. Qe3 Be6 12. Na4 Qc7 13. exd5 cxd5 14. b3 Nd7 15.
Bxg6 Be7 16. Bh5 O-O-O 17. c4 Kb8 18. c5 Nf8 19. Nd2 Re8 20. Nc3 Nd7 21. Nb5 Qc6
22. Qc3 Qxb5 23. a4 Qc6 24. b4 Rhg8 25. b5 Qc7 26. c6 Rd8 27. Qb3 Nb6 28. a5 Qf4
29. axb6 Bd6 30. bxa7+ Kxa7 31. Qa4+ Kb8 32. Nf3 Bh3 33. b6 Rxg2+ 34. Kh1 Rxh2+
0-1

[Event "Challenge"]
[Site "http://www.queenalice.com/game.php?id=1794898"]
[Date "2022.8.25"]
[Round "-"]
[White "LYUSS"]
[Black "AleLima"]
[Result "0-1"]
[WhiteElo "1763"]
[BlackElo "1834"]

1. e4 e5 2. Nf3 Nc6 3. Nc3 Bc5 4. Na4 Bd6 5. d3 Nf6 6. Be3 O-O 7. h4 Ng4 8. Ng5
Nxe3 9. fxe3 f6 10. Nf3 b5 11. Nc3 Ba6 12. a3 b4 13. Ne2 Bb7 14. d4 bxa3 15.
bxa3 Ne7 16. Ng3 exd4 17. Rh3 dxe3 18. Nd4 Bxg3+ 19. Rxg3 c5 20. Nb5 Bxe4 21.
Qg4 Bg6 22. h5 f5 23. Qg5 h6 24. Qf4 Bxh5 25. Qxh6 Bg4 26. Bc4+ d5 27. Qe6+ Kh8
28. Be2 d4 29. Bxg4 Qa5+ 30. c3 fxg4 31. Rxg4 Rf6 32. Qxe7 Rg8 33. Ke2 Qxb5+ 34.
Ke1 Qf1# 0-1

[Event "Challenge"]
[Site "http://www.queenalice.com/game.php?id=1798710"]
[Date "2022.10.27"]
[Round "-"]
[White "AleLima"]
[Black "Sovietic1982"]
[Result "0-1"]
[WhiteElo "1847"]
[BlackElo "1905"]

1. e4 e5 2. Nf3 Bd6 3. d4 h6 4. dxe5 Bc5 5. Bc4 Qe7 6. b3 Bb4+ 7. Bd2 Bc5 8. O-O
Nc6 9. Bf4 a6 10. Nc3 Nb4 11. Qd2 b5 12. Be2 Bb7 13. a3 Nc6 14. Nd5 Qd8 15. e6
d6 16. exf7+ Kxf7 0-1